Départements français dont la préfecture n'est pas la plus grande ville - Statistiques

Statistiques générales
  • Ce quiz a été pris 405 fois
  • Le résultat moyen est 15 sur 24
Statistiques - réponses
Département Préfecture Ville la plus peuplée % Correct
Aisne Laon Saint-Quentin
80%
Finistère Quimper Brest
79%
Allier Moulins Montluçon
75%
Ardèche Privas Annonay
72%
Marne Chalons-en-Champagne Reims
70%
Seine-Saint-Denis Bobigny Saint-Denis
70%
Pas-de-Calais Arras Calais
69%
Alpes-de-Haute-Provence Digne-les-Bains Manosque
67%
Haut-Rhin Colmar Mulhouse
67%
Val-de-Marne Créteil Vitry-sur-Seine
66%
Val-d'Oise Pontoise Argenteuil
66%
Aude Carcassonne Narbonne
63%
Hauts-de-Seine Nanterre Boulogne-Billancourt
63%
Seine-et-Marne Melun Meaux
63%
Ariège Foix Pamiers
62%
Morbihan Vannes Lorient
59%
Corrèze Tulle Brive-la-Gaillarde
58%
Seine-Maritime Rouen Le Havre
57%
Manche Saint-Lô Cherbourg-Octeville
55%
Jura Lons-le-Saunier Dôle
51%
Haute-Marne Chaumont Saint-Dizier
50%
Meuse Bar-le-Duc Verdun
49%
Guadeloupe Basse-Terre Les Abymes
47%
Saône-et-Loire Mâcon Chalon-sur-Saône
45%
Aucun quiz correspondant
Distribution des résultats
% des personnes avec chaque résultat
Percentile par nombre de réponses
Votre historique - résultats
Vous n’avez pas pris ce quiz